Statistics for Every Song by the Bouncing Souls

Click here to take the quiz!

General Stats

  • This quiz has been taken 2 times
  • The average score is 16 of 162

Answer Stats

AlbumSong% Correct
Hopeless Romantic(1999)Hopeless Romantic
100%
Hopeless Romantic(1999)87
50%
Anchors Aweigh(2003)Anchors Aweigh
50%
Maniacal Laughter(1996)Argyle
50%
Hopeless Romantic(1999)Bullying the Jukebox
50%
Comet(2012)Comet
50%
Crucial Moments(2019)Crucial Moments
50%
Hopeless Romantic(1999)
You're So Rad
50%
The Bouncing Souls(1997)East Coast! Fuck You!
50%
Hopeless Romantic(1999)Fight to Live
50%
Ghosts on the Boardwalk(2010)Ghosts on the Boardwalk
50%
The Bad, the Worse, and the Out of Print(2000)Instrumental
50%
Hopeless Romantic(1999)It's Not the Heat, It's the Humanity
50%
The Green Ball Crew E.P.(1993)Kicked
50%
Hopeless Romantic(1999)Kid
50%
The Bad, the Worse, and the Out of Print(2000)Like a Fish in Water
50%
Hopeless Romantic(1999)Monday Morning Ant Brigade
50%
Hopeless Romantic(1999)Night on Earth
50%
The Green Ball Crew E.P.(1993)P.M.R.C
50%
The Gold Record(2006)Sarah Saturday
50%
The Gold Record(2006)So Jersey
50%
The Gold Record(2006)Sounds of the City
50%
Ten Stories High(2023)Ten Stories High
50%
The Gold Record(2006)The Gold Song
50%
The Gold Record(2006)The Messenger
50%
The Gold Record(2006)The Pizza Song
50%
Hopeless Romantic(1999)The Whole Thing
50%
Hopeless Romantic(1999)Undeniable
50%
Hopeless Romantic(1999)Wish Me Well (You Can Go to Hell)
50%
Ten Stories High(2023)World on Fire
50%
Crucial Moments(2019)1989
0%
Crucial Moments(2019)4th Avenue Sunrise
0%
Ghosts on the Boardwalk(2010)Airport Security
0%
20th Anniversary Series(2009)A Life Less Ordinary
0%
Maniacal Laughter(1996)All of This and Nothing
0%
Ten Stories High(2023)Andy and Jackie
0%
Anchors Aweigh(2003)Apartment 5F
0%
Ten Stories High(2023)Back to Better
0%
Ghosts on the Boardwalk(2010)Badass
0%
Comet(2012)Baptized
0%
Simplicity(2016)Bees
0%
Anchors Aweigh(2003)Better Days
0%
How I Spent My Summer Vacation(2001)Better Life
0%
Ghosts on the Boardwalk(2010)Big Eyes
0%
Anchors Aweigh(2003)Blind Date
0%
Ghosts on the Boardwalk(2010)Boogie Woogie Downtown
0%
Anchors Aweigh(2003)Born Free
0%
Maniacal Laughter(1996)Born to Lose
0%
How I Spent My Summer Vacation(2001)Break-up Song
0%
How I Spent My Summer Vacation(2001)Broken Record
0%
BYO Split Series Volume IV(2002)Bryan's Lament
0%
The Bouncing Souls(1997)Chunksong
0%
Comet(2012)Coin Toss Girl
0%
The Bouncing Souls(1997)Cracked
0%
The Good, the Bad, and the Argyle(1994)Deadbeats
0%
Comet(2012)DFA
0%
Simplicity(2016)Digital Twilight Zone
0%
The Green Ball Crew E.P.(1993)Dirt
0%
Simplicity(2016)Driving All Night
0%
Ghosts on the Boardwalk(2010)Dubs Says True
0%
The Bouncing Souls(1997)East Side Mags
0%
Simplicity(2016)Euphoria
0%
Comet(2012)Fast Times
0%
Crucial Moments(2019)Favorite Everything
0%
The Gold Record(2006)For All the Unheard
0%
Ghosts on the Boardwalk(2010)Gasoline
0%
How I Spent My Summer Vacation(2001)Gone
0%
Simplicity(2016)Gravity
0%
The Green Ball Crew E.P.(1993)Hate
0%
Maniacal Laughter(1996)Headlights.... Ditch!
0%
Crucial Moments(2019)Here's to Us
0%
Maniacal Laughter(1996)Here We Go
0%
Simplicity(2016)Hero Zero
0%
Simplicity(2016)Hey Aliens
0%
Ten Stories High(2023)Higher Ground
0%
Anchors Aweigh(2003)Highway Kings
0%
The Bouncing Souls(1997)Holiday Cocktail Lounge
0%
Crucial Moments(2019)Home
0%
Anchors Aweigh(2003)I Get Lost
0%
The Bouncing Souls(1997)I Like Your Eyes
0%
The Good, the Bad, and the Argyle(1994)I Like Your Mom
0%
Anchors Aweigh(2003)I'm from There
0%
Comet(2012)Infidel
0%
Anchors Aweigh(2003)Inside Out
0%
Comet(2012)In Sleep
0%
The Good, the Bad, and the Argyle(1994)Inspection Station
0%
Non-Album(2023)In the Dark
0%
The Bad, the Worse, and the Out of Print(2000)I Started Drinking Again
0%
Ghosts on the Boardwalk(2010)I Think That the World
0%
Simplicity(2016)I Wanna Be Bored
0%
The Good, the Bad, and the Argyle(1994)Joe Lies (When He Cries)
0%
The Bouncing Souls(1997)Kate is Great
0%
Ten Stories High(2023)Kenver
0%
Anchors Aweigh(2003)Kids and Heroes
0%
Maniacal Laughter(1996)Lamar Vannoy
0%
How I Spent My Summer Vacation(2001)Late Bloomer
0%
The Good, the Bad, and the Argyle(1994)Lay 'Em Down and Smack 'Em, Yack 'Em
0%
The Gold Record(2006)Letter from Iraq
0%
How I Spent My Summer Vacation(2001)Lifetime
0%
Ghosts on the Boardwalk(2010)Like the Sun
0%
The Bouncing Souls(1997)Low Life
0%
Ten Stories High(2023)Magnus Air Organ
0%
How I Spent My Summer Vacation(2001)Manthem
0%
Ghosts on the Boardwalk(2010)Mental Bits
0%
The Gold Record(2006)Midnight Mile
0%
Maniacal Laughter(1996)Moon Over Asbury
0%
The Good, the Bad, and the Argyle(1994)Neurotic
0%
Ghosts on the Boardwalk(2010)Never Say Die / When You're Young
0%
Anchors Aweigh(2003)New Day
0%
Anchors Aweigh(2003)Night Train
0%
How I Spent My Summer Vacation(2001)No Comply
0%
Maniacal Laughter(1996)No Rules
0%
BYO Split Series Volume IV(2002)No Security
0%
The Good, the Bad, and the Argyle(1994)Old School
0%
Hopeless Romantic(1999)¡Olé!
0%
The Bouncing Souls(1997)Party at 174
0%
How I Spent My Summer Vacation(2001)Private Radio
0%
BYO Split Series Volume IV(2002)Punks in Vegas
0%
Maniacal Laughter(1996)Quick Chek Girl
0%
Simplicity(2016)Rebel Song
0%
Simplicity(2016)Satellite
0%
The Bouncing Souls(1997)Say Anything
0%
The Bouncing Souls(1997)Serenity
0%
Ten Stories High(2023)Shannon's Song
0%
The Bouncing Souls(1997)Shark Attack
0%
Comet(2012)Ship in a Bottle
0%
Anchors Aweigh(2003)Simple Man
0%
Anchors Aweigh(2003)Sing Along Forever
0%
The Bouncing Souls(1997)Single Successful Guy
0%
The Bad, the Worse, and the Out of Print(2000)Slave to Fashion
0%
The Good, the Bad, and the Argyle(1994)Some Kind of Wonderful
0%
The Green Ball Crew E.P.(1993)Spank
0%
Comet(2012)Static
0%
The Bad, the Worse, and the Out of Print(2000)St. Jude's Day
0%
How I Spent My Summer Vacation(2001)Streetlight Serenade (To No One)
0%
How I Spent My Summer Vacation(2001)That Song
0%
Maniacal Laughter(1996)The Ballad of Johnny X
0%
Maniacal Laughter(1996)The BMX Song
0%
Anchors Aweigh(2003)The Day I Turned My Back on You
0%
Anchors Aweigh(Bonus)(2003)The Fall Song
0%
Maniacal Laughter(1996)The Freaks, Nerds, and Romantics
0%
Complete Control Recording Sessions(2011)The Freaks, the Nerds and the Romantics
0%
The Good, the Bad, and the Argyle(1994)The Guest
0%
The Gold Record(2006)The New Thing
0%
The Bouncing Souls(1997)The Screamer
0%
The Good, the Bad, and the Argyle(1994)These are the Quotes from Our Favorite 80's Movies
0%
How I Spent My Summer Vacation(2001)The Something Special
0%
The Bouncing Souls(1997)The Toilet Song
0%
Simplicity(2016)Tightrope
0%
Ten Stories High(2023)To Be Human
0%
Anchors Aweigh(2003)Todd's Song
0%
The Green Ball Crew E.P.(1993)Trapped
0%
Ten Stories High(2023)True Believer Radio
0%
How I Spent My Summer Vacation(2001)True Believers
0%
20th Anniversary Series(2009)Uke Chek Girl
0%
Simplicity(2016)Up to Us
0%
Ten Stories High(2023)Vin and Casey
0%
Ghosts on the Boardwalk(2010)We All Sing Along
0%
Comet(2012)We Love Fun
0%
The Bouncing Souls(1997)Whatever I Want (Whatever That Is)
0%
The Green Ball Crew E.P.(1993)Wig
0%
Simplicity(2016)Writing On the Wall
0%

Score Distribution

Percentile by Number Answered

Percent of People with Each Score

Your Score History

You have not taken this quiz